Diseño de estructura de pavimento de adoquín y obras de drenaje de 1.4 km del barrio villa trinidad ubicado en el municipio de la trinidad, departamento de Estelí, 2018
El presente trabajo pretende proponer una red vial segura para el barrio Villa Trinidad, a través del diseño de una estructura de pavimento de adoquín con sus respectivas obras de drenaje que cumpla con lo estipulado en la AASHTO 1993 y garantice durabilidad y seguridad a los usuarios. Dicho barr...
| Main Authors: | , |
|---|---|
| Other Authors: | |
| Format: | Tesis Section = Libro |
| Language: | Undetermined Spanish |
| Published: |
Managua
UNI
2019
|
| Subjects: |
| LEADER | 01491nam a2200277Ia 4500 | ||
|---|---|---|---|
| 008 | 240830s9999 xx 000 0 und d | ||
| 040 | |a BIBLIOTECA-RUPAP Mon 625.85 | ||
| 041 | |a spa | ||
| 082 | |a Mon 625.85 | ||
| 100 | 1 | |a Palacios Duarte, Grethel Isabel | |
| 100 | 1 | |b Ruiz Castro, Gerson | |
| 245 | 1 | 0 | |a Diseño de estructura de pavimento de adoquín y obras de drenaje de 1.4 km del barrio villa trinidad ubicado en el municipio de la trinidad, departamento de Estelí, 2018 |
| 260 | |a Managua |b UNI |c 2019 | ||
| 300 | |a 72 p. :il.. | ||
| 500 | |a Contiene: anexos y CD. | ||
| 502 | |a Tesis (Ingeniero Civil)- UNI, 2019. | ||
| 520 | 3 | |a El presente trabajo pretende proponer una red vial segura para el barrio Villa Trinidad, a través del diseño de una estructura de pavimento de adoquín con sus respectivas obras de drenaje que cumpla con lo estipulado en la AASHTO 1993 y garantice durabilidad y seguridad a los usuarios. Dicho barrio está ubicado en el municipio de La Trinidad, departamento de Estelí. Dicho barrio debido a lo reciente de su asentamiento no cuenta con una estructura vial en buenas condiciones, lo que les ha venido a generar muchos problemas a los habitantes, que piden una solución segura y duradera. | |
| 650 | 7 | |a PAVIMENTOS | |
| 650 | 7 | |b PAVIMENTOS DE HORMIGON | |
| 650 | 7 | |c DRENAJE | |
| 650 | 7 | |d ESTUDIO DE SUELOS | |
| 650 | 7 | |e ESTUDIO HIDROLOGICO | |
| 700 | 1 | |a Tutor: |b Sierra Mercado, Jimmy | |
| 942 | |c BK |2 ddc | ||
| 991 | |a TESIS | ||
| 999 | |c 16050 | ||